Big in the Answers - Statistics

General Stats
  • This quiz has been taken 101,867 times
    51,141 since last reset
  • The average score is 12 of 20
Answer Stats
Clue Answer % Correct
Birth of the universe The Big Bang
97%
Nickname of New York City The Big Apple
95%
Nickname of the bell in the tower of the Palace of Westminster Big Ben
93%
Lion, tiger, leopard, etc... Big cat
85%
Two patties, special sauce, sesame seed bun, etc... Big Mac
80%
Another name for a sasquatch Bigfoot
78%
Adversary of Little Red Riding Hood Big Bad Wolf
77%
"Sesame Street" character Big Bird
76%
Person who is always watching in "Nineteen Eighty-Four" Big Brother
68%
Technically not a constellation itself, just a part of Ursa Major The Big Dipper
57%
Crime of having two spouses Bigamy
52%
Ruler of a small pond Big fish
50%
Style of music of Count Basie or Glenn Miller Big band
48%
Body part whose medical name is Hallux Big toe
44%
Large tent that holds a circus Big top
43%
Nickname of New Orleans The Big Easy
43%
Type of American wild sheep Bighorn
38%
Euphemism for death, or the title of a 1946 Humphrey Bogart movie Big Sleep
29%
Hawaiian hotshot Big kahuna
28%
V.I.P. with a large toupee? Bigwig
26%
No matching quizzes found
Score Distribution
Percent of People with Each Score
Percentile by Number Answered
Your Score History
You have not taken this quiz since the last reset